000 00679 a2200241 4500
001 200421722
003 TR-AnTOB
005 20250829132433.0
008 150401s tu 000 0
040 _aTR-AnTOB
_beng
_erda
_cTR-AnTOB
041 0 _atur
050 0 0 _aKKX914
_b.T87 2005
090 _aKKX914.T87 2005
245 1 0 _aTürk ticaret kanunu /
_cSanayi ve Ticaret Bakanlığı.
264 _aAnkara :
_bSanayi ve Ticaret Bakanlığı,
_c2005
300 _a332 p. ;
_c24 cm.
336 _atext
_2rdacontent
337 _aunmediated
_2rdamedia
338 _avolume
_2rdacarrier
650 0 7 _aTicaret hukuku
_zTürkiye
_2etuturkob
_934380
942 _cBK
_2lcc
999 _c200421722
_d38856